|
|
|
|
| LEADER |
00996nnm a2200265 i 4500 |
| 001 |
eta133 |
| 005 |
20190110101251.0 |
| 008 |
180515s2006 hu o 0|| hun d |
| 020 |
|
|
|a 963-9704-97-0
|
| 040 |
|
|
|a SZTE Elektronikus Tananyag Archívum
|b hun
|
| 041 |
|
|
|a hun
|
| 100 |
1 |
|
|a Kiss Paszkál
|
| 245 |
1 |
0 |
|a Kutatásmódszertan
|h [elektronikus dokumentum] :
|b szociálpszichológia /
|c Kiss Paszkál
|
| 260 |
|
|
|a Bölcsész Konzorcium
|c 2006
|
| 300 |
|
|
|a 302
|
| 516 |
|
|
|a Book
|
| 650 |
|
4 |
|a Társadalomtudományok
|
| 650 |
|
4 |
|a Pszichológia
|
| 650 |
|
4 |
|a Pszichológia (benne ember-gép kapcsolat)
|
| 650 |
|
4 |
|a Szociálpszichológia
|
| 700 |
0 |
1 |
|a Szabó Mónika
|e aut
|
| 700 |
0 |
1 |
|a Ujhelyi Adrienn
|e aut
|
| 700 |
0 |
1 |
|a Berkics Mihály
|e aut
|
| 856 |
4 |
0 |
|u https://eta.bibl.u-szeged.hu/133/1/kiss_paszkal_kutatasmodszertan_szocialpszichologia.pdf
|z Dokumentum-elérés
|
| 856 |
4 |
0 |
|u https://eta.bibl.u-szeged.hu/133/9/kiss_paszkal_kutatasmodszertan_szocialpszichologia/start.html
|z Dokumentum-elérés
|